|
|
|
|
| LEADER |
01815nam a2200325 a 4500 |
| 001 |
1575517 |
| 003 |
BD-DhAAL |
| 008 |
091112s1992 bg b 001 0 eng d |
| 999 |
|
|
|c 5491
|d 5491
|
| 010 |
|
|
|a \\\92908704
|
| 020 |
|
|
|a 9840800507 :
|c Tk275.00
|
| 040 |
|
|
|a DLC
|c DLC
|d DLC
|d BD-DhAAL
|
| 082 |
0 |
0 |
|a 338.64209
|2 20
|
| 100 |
1 |
|
|a Reza, Sadrel.
|9 37405
|
| 245 |
1 |
0 |
|a Small and medium-scale enterprises in industrial development :
|b the Bangladesh experience /
|c Sadrel Reza, M.U. Ahmed and Wahiduddin Mahmud.
|
| 260 |
|
|
|a Dhaka :
|b Academic Publishers,
|c c1992.
|
| 300 |
|
|
|a 214 pages ;
|c 23 cm.
|
| 504 |
|
|
|a Includes bibliographical references (pages [209]-212) and index.
|
| 526 |
|
|
|a ESS
|
| 541 |
1 |
|
|a Complimentary copy from Professor Dr. Nasreen Khundker.
|e 00008378, 36684
|
| 650 |
|
0 |
|a Small business
|z Bangladesh.
|9 37406
|
| 650 |
|
0 |
|a Economics
|9 37407
|
| 700 |
1 |
|
|a Ahmed, Momtaz Uddin.
|9 37408
|
| 700 |
1 |
|
|a Mahmud, Wahiduddin.
|9 37409
|
| 852 |
4 |
|
|a Ayesha Abed Library
|j General shelf
|
| 942 |
|
|
|2 ddc
|c BK
|
| 952 |
|
|
|0 0
|1 0
|2 ddc
|4 0
|6 338_642090000000000_REZ_1992
|7 0
|9 5363
|a BRACUL
|b BRACUL
|c GEN
|d 2009-11-15
|g 275.00
|l 1
|o 338.64209 REZ
|p 3010008378
|r 2019-01-23
|s 2018-09-26
|t 1
|v 550.00
|w 2009-11-15
|y BK
|
| 952 |
|
|
|0 0
|1 0
|2 ddc
|4 0
|6 338_642090000000000_REZ_1992
|7 0
|9 5700
|a BRACUL
|b BRACUL
|c GEN
|d 2009-11-22
|g 253.00
|l 1
|o 338.64209 REZ
|p 3010016802
|r 2018-09-26
|s 2018-09-26
|t 2
|v 506.00
|w 2009-11-22
|y BK
|
| 952 |
|
|
|0 0
|1 0
|2 ddc
|4 0
|6 338_642090000000000_REZ
|7 0
|9 67218
|a BRACUL
|b BRACUL
|c GEN
|d 2019-11-20
|e Complimentary copy from Professor Dr. Nasreen Khundker.
|l 0
|o 338.64209 REZ
|p 3010036684
|r 2019-11-20
|t 3
|w 2019-11-20
|y BK
|
| 952 |
|
|
|0 0
|1 0
|2 ddc
|4 0
|6 338_642090000000000_REZ
|7 0
|9 67265
|a BRACUL
|b BRACUL
|c GEN
|d 2019-11-24
|e Complimentary copy from Professor Dr. Nasreen Khundker.
|l 0
|o 338.64209 REZ
|p 3010036713
|r 2019-11-24
|t 4
|w 2019-11-24
|y BK
|